Quizzes
Events
Quiz Creation
Community
Videos
Private Events
Remove Ads
Sign In
Join for FREE
Feedback
Dark Mode
Quiz Categories
Sports
Geography
Music
Movies
Television
Just For Fun
Miscellaneous
History
Literature
Language
Science
Gaming
Entertainment
Religion
Holiday
For Kids
Quiz Lab
Recent
Popular Today
Quiz Kudos Today
Editor Picks
Curator Picks
Quizzes by...
Day
Popularity
Type
Ratings
Length
Year
Community
Subscriptions
Recent Discussions
Orange Saloon
Badges
Playlists
Quests
Create
Leaderboards
Showdown
Live 5
Trivia Bingo
Activity
Puzzle Library
Sporcle Events
Private Events
Virtual Trivia
Globe League
Become a Host
Pub Owners
SporcleCon
Opinionation
Our Games
Videos
Blog
Mobile Apps
Partnerships
Remove Ads and Go Orange
Feedback
Movies
Disney
Marvel Cinematic Universe
Movie Resume
Movie Titles
Oscar
Actor
Actress
Director
Pixar
Role
Movie Quotes
Movie Characters
Box Office
Nominee
Best Picture
Star Wars
James Bond
Horror Movies
Movies
Disney
Marvel Cinematic Universe
Movie Resume
Movie Titles
Oscar
Actor
Actress
Director
Pixar
Role
Movie Quotes
Movie Characters
Box Office
Nominee
Best Picture
Star Wars
James Bond
Horror Movies
Random Quiz
Search Sporcle
×
Quiz Lab
Quiz Lab
Movies
Slideshow
Type answers based on single images at one time
Type answers based on single images at one time
Slideshow
Best Score? Go Orange.
2014 Movies (Slideshow) Stats
Can you name the 2014 Movies by their pictures in the slideshow?
By
survivordude56
9m
50 Questions
1,056 Plays
1,056 Plays
1,056 Plays
Comments
Comments
Give Quiz Kudos
Give Quiz Kudos
-
- Ratings
hide this ad
Replay
Link that replays current quiz
Next Quiz
Link to next quiz in quiz playlist
You Got
0%
They Got
Avg Score
49%
Avg Friend Score
Upgrade to see
Score Distribution
Jump to the score distribution portion of the page
Score
0/50
Timer
09:00
0
Plays Today
% Correct
The Lego Movie
92%
Rio 2
80.6%
Captain America: The Winter Soldier
78.1%
How to Train Your Dragon 2
75.8%
Teenage Mutant Ninja Turtles
75.4%
Noah
70.2%
22 Jump Street
67.9%
The Hunger Games: Mockingjay Part 1
67.6%
Dumb and Dumber To
67.2%
Guardians of the Galaxy
66.9%
Transformers: Age of Extinction
66.8%
Night at the Museum: Secret of the Tomb
66.2%
Maleficent
66%
X-Men: Days of Future Past
63.3%
Divergent
62.5%
Lucy
61.3%
Muppets Most Wanted
60.8%
Mr. Peabody and Sherman
60.2%
The Grand Budapest Hotel
59.9%
The Hobbit: The Battle of the Five Armies
59.7%
The Amazing Spider-Man 2
57%
The Penguins of Madagascar
53.4%
American Sniper
51.5%
Annie
50.6%
Non-Stop
50.2%
% Correct
The Theory of Everything
49.8%
Dawn of the Planet of the Apes
49.7%
Birdman
49.2%
Neighbors
49%
The Interview
48.9%
Whiplash
48.6%
Boyhood
48.4%
300: Rise of an Empire
46.6%
Gone Girl
46.3%
The Imitation Game
45.6%
Godzilla
45.2%
Foxcatcher
43.5%
Edge of Tomorrow
42.1%
Fury
41.6%
Nightcrawler
40.8%
Big Hero 6
39.6%
The Fault in Our Stars
39.5%
Wild
39.5%
Interstellar
37.1%
The Maze Runner
35%
Into the Woods
31.6%
The Equalizer
29.8%
Unbroken
26.2%
Inherent Vice
17.2%
Selma
9.3%
Quiz Playlist
Details
Report
Send in Message
Add To Playlist
Slideshow:
Type answers based on single images at one time
Last Updated: Feb 16, 2017
Quiz Scoreboard
CHALLENGE
Sign Up to Join the Scoreboard
Show All
Scores
Hide
Comments
May contain spoilers
Recently Published
NBA Finals Game Top Scorers (2010s)
by flibbidy
Sports
5m
Guess the 'R' Things in 3 Words
by MSUKent
Miscellaneous
3m
Actor to Badly Drawn Movie III
by MoMosMoProblems
Movies
5m
More to Explore
Quiz From the Vault
Featured Blog Post
Where Does Lost Luggage Go?
hide this ad
You Might Also Like...
Tags
2014
Slideshow
Today's Top Quizzes in Movies
Browse Movies
hide this ad
Today's Top Quizzes in Slideshow
Browse Slideshow
Top Contributed Quizzes in Movies
1
Pixar Reveal II
2
How Long Is the Movie Title?
3
Pixar Reveal III
4
10 Quentin Tarantino Movies in Order
5
Adjectives in 00s Movies
6
Pixar Reveal IV
7
Movie Stars Gone to the Dogs
8
Adjectives in 10s Movies
9
Pixar Reveal V
10
Adjectives in 90s Movies
Explore More
Trending Topics
Harry Potter
NBA
Kpop
Crossword
Anime
Disney
Marvel
NFL
Song
The Office
WWE
Pokémon
Puzzle
Country
Soccer
hide this ad
More By:
survivordude56
Quiz
Plays
Rating
Category
Featured
Created
2013 Movies Slideshow
73,541
4.07
Movies
Jul 11, 2013
Full House Characters Slideshow
30,291
4.02
Television
Jul 17, 2013
Star Wars The Clone Wars Characters
7,188
4.86
Television
Jan 21, 2013
Major Survivor Contestants
4,175
3.94
Television
Mar 15, 2013
Finish The Avengers Quotes
4,100
4.22
Movies
Apr 2, 2013
Go to Creator's Profile
Score Distribution
Quiz Creator Spotlight
survivordude56
Follow
Send a Message
Quizzes Created
-
Created Quiz Play Count
-
More By This Creator
Popular Quizzes Today
1
Find the US States - No Outlines Minefield
2
Find the US States
3
The Countries of the World
4
10 Largest US States in Order
5
Find the Countries of Europe - No Outlines Minefield
6
US States
7
Guess the 'R' Things in 3 Words
8
NBA Finals Game Top Scorers (2010s)
More Movies Quizzes
Best Picture by Plot (1928-1977)
Published
Trending Quizzes
First Name TV: Leading Men
Match the Book to the Film II
First Name TV: Leading Women Drama
Match the Book to the Film VI
Pick A Pair: Religious TV
Recently Updated
Women's Final Four Teams by Year
bhenderson79
Presidents Quartet II
eogle
Anything But Clue(do)
eogle
Anything But Oceanian Capitals
eogle
Anything But 7
eogle
Anything But Thing
eogle
Word Ladder: February 29
pecheneg
Song Title Questions
pecheneg
Women's NCAA Tournament #1 Seeds
pecheneg
Celebrity Mug Shots
pecheneg
Trending Topics
Disney
Anime
Marvel
NBA
Kpop
Harry Potter
Crossword
Country
Song
WWE
The Office
Soccer
NFL
Puzzle
Pokémon
Your Account Isn't Verified!
In order to create a playlist on Sporcle, you need to verify the email address you used during registration. Go to your
Sporcle Settings
to finish the process.
Report this User
Report this user for behavior that violates our
Community Guidelines
.
Details:
Send Report
Go to the Sporcle.com Mobile Site →
Comments